000 01475nam a2200373 a 4500
003 BLK
005 20230911141826.0
008 180409b bul|||||r ||||||| ||bul||
010 _aKNG00107216000
040 _aBLK
041 _aBUL
_cBUL
080 _aИталианска литература
_b821.131.1
_x-311.6
_z821.131.1-311.6
100 1 _aДжованьоли, Рафаело
_960922
245 1 0 _aСпартак
_bИст. роман
_cРафаело Джованьоли; прев. от итал. Петко Драгоев; худож. Никифор Русков.
250 _a8. изд.
257 _aITA
260 _aСофия
_bОтечество
_c1985
300 _a472 с.
_bс ил., 1 л. портр.
_c21 см
380 _aX
490 _aИзбрани книги за деца и юноши
_9202174
500 _aОриг. загл. Spartaco / Raffaello Govagnoli. - 1. изд. 1932
653 _aисторически романи
700 1 _aДрагоев, Петко
_eпрев. от итал.
_9309099
700 1 _aРусков, Никифор
_eхудож.
_9364263
852 _aЦб 136121
_bЦб
856 4 _qpdf
856 4 _qpdf
942 _cKNG
_n0
_03
_s1
944 _aCR
_c23.07.2003
_lРусанова Ирена
_k30542
944 _aED
_c11.01.2018
_kЛюдмила_Стоянова
999 _c102158
_d102158
999 _d102158
999 _d102158